Name 50 K-pop idol based on their picture - Statistics

General Stats
  • This quiz has been taken 18 times
  • The average score is 22 of 50
Answer Stats
Picture Answer % Correct
Jennie
87%
San
87%
Felix
80%
Jungkook
80%
Lisa
80%
Sana
80%
Karina
73%
Martin
73%
Soobin
67%
Ahyeon
60%
Eunchae
60%
Gdragon
60%
Somi
60%
Yena
60%
CL
53%
Hyuna
53%
Kai
53%
Minnie
53%
Rei
53%
Bobby
47%
Dino
47%
Haechan
47%
Minji
47%
Sehun
47%
Bahiyyih
40%
JB
40%
Leeseo
40%
Mark
40%
Renjun
40%
Yeri
40%
Baekhyun
33%
Bailey
33%
Kyujin
33%
Moka
33%
Yeon
33%
Yoona
33%
Zhanghao
33%
Jungwoo
27%
Yujin
27%
Dayoung
20%
Narin
20%
Sohee
20%
Jaehyuk
13%
Jeemin
13%
Key
13%
Ryo
13%
Sion
13%
Kya
7%
Teamin
7%
Umji
7%
No matching quizzes found
Score Distribution
Percent of People with Each Score
Percentile by Number Answered
Your Score History
You have not taken this quiz